000 00385nam a2200157Ia 4500
008 230718s9999 xx 000 0 und d
041 _aeng
082 _a004
_bNAG
100 _aNagpal D.P.
_9116307
245 _aComputer Course
260 _c2001
_bWheeler A H
300 _a659
365 _cRs.
_b320.00
700 _aNagpal D.P.
_9116307
906 _dB:110801-Nov-2001
_cCOMP
_b48
999 _c302441
_d302441